000 00869nam a22002297a 4500
999 _c6013
_d6013
003 AR-CdUCM
008 190313b ||||| |||| 00| 0 spa d
040 _aMUNICIPALIDAD PROVINCIAL DEL CUSCO
_cBIBLIOTECA MUNICIPAL DEL CUSCO
082 _a869.56 /
_bM44
100 _aMaugham, William Somerset
_910511
245 _aEl collar de perlas y otras novelas cortas /
260 _aBarcelona :
_bEdit. Juventud,
_c1956.
300 _a242 paginas ;
_c18 cm.
440 _aColección ¨Z¨
_917586
500 _aDonación familia Nieto
505 _aContenido :El collar de perlas --La esposa del coronel --El sacristán --Sanatorio --La caída de Eduardo Barnard --Huellas en la jungla --Samoa --El elemento humano --El numero doce /
650 _aLiteratura inglesa
_91015
650 _aNovelas
_9218
650 _aSiglo XX
_98
942 _2ddc
_cLIBROS
945 _arjall